00657 2200241 4500001002100000005001700021008004100038035002400079082001100103090001800114100001500132245007800147250001100225260005000236300002500286500002700311650001300338850001500351980001500366985000600381986001300387999001500400YOGYA-0209000000427820090227020711.0 ind  0010-020900000004278 a515.43 a515.43bGun S aGUNAWAN, J a100 soal dan pembahasan integralbuntuk sekolah menengah umumcJ. Gunawan aCet. 1 aJakartabGramedia Widiasarana Indonesiac1997 aviii, 129 hlmc21 cm aBibliografi : hlm. 129 aKalkulus aYOPDYOG(B) a05-22-2006 a1 aMrrtrdev aP000001278